000 00785cam a22002533a 4500
001 24262
003 PGUSA
005 20140828083522.0
008 080112s2008||||xxu|||||s|||||000 p eng d
040 _aPGUSA
_beng
042 _adc
050 4 _aPQ
100 1 _aPessoa, Fernando António Nogueira,
_d1888-1935
245 1 0 _aAntinous :
_bA Poem
_h[electronic resource] /
_cFernando António Nogueira Pessoa
260 _bProject Gutenberg,
_c2008
506 _aPublic domain in the USA.
516 _aElectronic text
653 _aHomosexuality -- Poetry
653 _aHadrian, Emperor of Rome, 76-138 -- Poetry
653 _aAntinoüs, approximately 110-130 -- Poetry
830 0 _aProject Gutenberg
_v24262
856 4 0 _uhttp://www.gutenberg.org/ebooks/24262
942 _cEB
999 _c253517
_d253517